Catálogo

MANUAL DEL EXPORTADOR : (Registro nro. 52838)

Detalles MARC
000 -LEADER
fixed length control field 00845nam a2200193 a 4500
001 - CONTROL NUMBER
control field 52838
005 - DATE AND TIME OF LATEST TRANSACTION
control field 20180714042839.0
008 - FIXED-LENGTH DATA ELEMENTS--GENERAL INFORMATION
fixed length control field 140415s2001 mx 000 0 spa d
020 ## - INTERNATIONAL STANDARD BOOK NUMBER
International Standard Book Number 9701037499
041 ## - LANGUAGE CODE
Language code of text/sound track or separate title spa
082 ## - DEWEY DECIMAL CLASSIFICATION NUMBER
Classification number 658.848
Item number MIN
100 1# - MAIN ENTRY--PERSONAL NAME
Personal name MINERVINI, NICOLA
245 10 - TITLE STATEMENT
Title MANUAL DEL EXPORTADOR :
Remainder of title LA INGENIERIA DE LA EXPORTACION
250 ## - EDITION STATEMENT
Edition statement 3a ed.
260 ## - PUBLICATION, DISTRIBUTION, ETC.
Place of publication, distribution, etc. MEXICO :
Name of publisher, distributor, etc. MCGRAW-HILL INTERAMERICANA EDITORES,
Date of publication, distribution, etc. 2001, 2002
300 ## - PHYSICAL DESCRIPTION
Extent 181
Dimensions 16.2 x 1.5 x 23.3
520 ## - SUMMARY, ETC.
Summary, etc. EN UNA FORMA PRACTICA, DIDACTICA Y SENCILLA, Y CON UN LENGUAJE SIN RODEOS, COMO PARA QUE CUALQUIER PERSONA INTERESADA EN EL TEMA PUEDA LEERLO, NICOLA MINERVINO MUESTRA CAMINOS, RUTAS, FORMULAS, INSTRUMENTOS RELACIONADOS CON LA FORMA DE LLEGAR Y PERMANECER EN LOS MERCADOS INTERNACIONALES
650 14 - SUBJECT ADDED ENTRY--TOPICAL TERM
Topical term or geographic name entry element EXPORTACIONES
General subdivision MERCADOTECNIA
Existencias
Withdrawn status Lost status Source of classification or shelving scheme Damaged status Not for loan Collection code Home library Current library Shelving location Date acquired Source of acquisition Inventory number Total Checkouts Full call number Barcode Date last seen Date last checked out Price effective from Koha item type
    Dewey Decimal Classification     General Biblioteca Karol Wojtyla Biblioteca Karol Wojtyla Sala general 03/12/2013 Compra 151000000000000000030081   658.848 MIN 78454 05/01/2026 12/10/2017 03/12/2013 Libro